| 000 | 00425pab a2200157 454500 | ||
|---|---|---|---|
| 008 | 180718b2004 xxu||||| |||| 00| 0 eng d | ||
| 100 | _aCherlin, Andrew J. et al. | ||
| 245 | _aThe influence of physical and sexual abuse on marriage and cohabitation | ||
| 260 | _c2004 | ||
| 300 | _ap.768-89. | ||
| 362 | _aDec | ||
| 650 | _aMarriage | ||
| 650 | _aSexual abuse | ||
| 773 | _aAmerican Sociological Review | ||
| 909 | _a64369 | ||
| 999 |
_c64369 _d64369 |
||